000 00489nam a2200157 i 4500
001 93592
003 ES-MaACL
007 t|
008 050414q1914 sp ||||1| gao d
100 1 _aLópez Abente, Gonzalo.
_973379
245 1 0 _aEscumas da Ribeira /
_cGonzalo López Abente; [prólogo de D. Joaquín Arias de Miranda].
260 _aMadrid :
_bJuan Pérez Torres,
_c[1914?]
300 _a108 p. ;
_c19 cm.
700 1 _aArias de Miranda, Joaquín.
_922772
852 _aES-MaACL
_jG-485
999 _c93592
_d93592